[Event "N1 Reykjavik Open 2014"]
[Site "Reykjavik, Iceland"]
[Date "2014.03.08"]
[Round "6.38"]
[White "Dubessay, Bastien"]
[Black "Bjerke, Richard"]
[Result "0-1"]
[WhiteElo "2362"]
[BlackElo "2162"]
[EventDate "2014.03.04"]
[PlyCount "68"]

1. d4 Nf6 2. c4 g6 3. f3 Bg7 4. e4 d6 5. Nc3 O-O 6. Bg5 c6 7. Qd2 a6 8. 
Bd3 b5 9. Nge2 Nbd7 10. cxb5 axb5 11. b4 Nb6 12. O-O Be6 13. Rfb1 Bc4 14. 
Nd1 Ra3 15. Bxc4 Nxc4 16. Qc2 Qa8 17. Bc1 Nd7 18. Rb3 Rxb3 19. Qxb3 Qa7 
20. Nf2 Ndb6 21. Bg5 Ra8 22. Ng4 Na4 23. Nh6+ Kf8 24. Rf1 Bxd4+ 25. Kh1 
Bg7 26. f4 Qe3 27. Ng3 Nc3 28. Bxe7+ Ke8 29. Ng4 Qd2 30. Bf6 Bxf6 31. 
Nxf6+ Ke7 32. e5 Rxa2 33. exd6+ Kd8 34. Rg1 Rb2 0-1

[Event "N1 Reykjavik Open 2014"]
[Site "Reykjavik, Iceland"]
[Date "2014.03.08"]
[Round "6.39"]
[White "Devereaux, Maxim L"]
[Black "Bjornsson, Bjorn Freyr"]
[Result "1-0"]
[WhiteElo "2345"]
[BlackElo "2158"]
[EventDate "2014.03.04"]
[PlyCount "0"]

1. e4 e5 2. Nf3 Nc6 3. Bc4 Bc5 4. b4 Bxb4 5. c3 Ba5 6. d4 exd4 7. O-O Nge7
8. Ng5 d5 9. exd5 Ne5 10. Bb3 dxc3 11. Qe2 f6 12. Rd1 Bg4 13. f3 N7g6 14. 
Ne6 Bxe6 15. dxe6 Qe7 16. Qb5+ Nc6 17. Ba3 c2 18. Bxe7 cxd1=Q+ 19. Bxd1 
Nxe7 20. Na3 O-O-O 21. Nc4 Rd5 22. Qb2 Bb4 23. Rb1 Bc5+ 24. Kh1 b6 25. Ba4
Rhd8 26. g3 Ne5 27. Nxe5 fxe5 28. Qe2 c6 29. Bb3 Rd3 30. Rd1 Rxd1+ 31. 
Bxd1 Bd4 32. Qe4 g6 33. Bb3 Kc7 34. Qh4 Kd6 35. Qxh7 b5 36. Bc2 Rg8 37. 
Qh3 c5 38. Be4 a5 39. f4 c4 40. Qg4 b4 41. fxe5+ Bxe5 42. Bc2 Rc8 43. Qd1+
Kxe6 44. Bxg6 a4 45. Qxa4 Nxg6 46. Qa6+ Kd7 47. Qxg6 c3 48. Qf5+ Kd8 49. 
Qxe5 c2 50. Qg5+ Kd7 51. Qc1 Rc3 52. Kg2 Kc6 53. Kf2 Kb5 54. Ke2 Kc4 55. 
Kd2 b3 56. Qf1+ Kb4 57. a3+ 1-0

[Event "N1 Reykjavik Open 2014"]
[Site "Reykjavik, Iceland"]
[Date "2014.03.08"]
[Round "6.40"]
[White "Klundt, Klaus"]
[Black "Sigeman, Johan"]
[Result "0-1"]
[WhiteElo "2341"]
[BlackElo "2123"]
[EventDate "2014.03.04"]
[PlyCount "0"]

1. e4 e5 2. Nf3 Nc6 3. Bb5 a6 4. Ba4 Nf6 5. O-O Nxe4 6. d4 b5 7. Bb3 d5 8.
 dxe5 Be6 9. Qe2 Be7 10. Rd1 O-O 11. c4 bxc4 12. Bxc4 Bc5 13. Be3 Bxe3 14.
 Qxe3 Qb8 15. Bb3 Na5 16. Nbd2 Qa7 17. Rac1 Qxe3 18. fxe3 c5 19. Nxe4 Nxb3
20. axb3 dxe4 21. Nd2 Rab8 22. Rxc5 Rfd8 0-1

[Event "N1 Reykjavik Open 2014"]
[Site "Reykjavik, Iceland"]
[Date "2014.03.08"]
[Round "6.41"]
[White "Vojinovic, Jovana"]
[Black "Bongartz, Philipp"]
[Result "1-0"]
[WhiteElo "2323"]
[BlackElo "2143"]
[EventDate "2014.03.04"]
[PlyCount "129"]

1. Nf3 d5 2. g3 c6 3. Bg2 Nf6 4. O-O Bf5 5. b3 h6 6. Bb2 e6 7. c4 Be7 8. 
d3 O-O 9. Nbd2 Bh7 10. Rc1 Nbd7 11. Rc2 Rc8 12. Qa1 Ne8 13. Rfc1 Bf6 14. 
Ne5 Nxe5 15. Bxe5 Bxe5 16. Qxe5 Nd6 17. b4 Qd7 18. b5 Rfe8 19. bxc6 bxc6 
20. Bf3 Bg6 21. Rb2 f6 22. Qc3 Rb8 23. Rcb1 Rxb2 24. Rxb2 Bf7 25. Qb4 Rc8 
26. c5 Ne8 27. e3 e5 28. d4 Kf8 29. Be2 Ke7 30. dxe5 fxe5 31. Nf3 Qe6 32. 
Qc3 Kf6 33. Ne1 g5 34. f4 gxf4 35. exf4 d4 36. Qd2 Kg7 37. Nf3 Qd5 38. 
fxe5 Qxc5 39. Qxd4 Qxd4+ 40. Nxd4 Rc7 41. Nf5+ Kh7 42. Ne3 Re7 43. Bd3+ 
Bg6 44. Bxg6+ Kxg6 45. Nc4 Kf5 46. Re2 Rd7 47. Kf2 Rd4 48. Rc2 Ng7 49. Na5
c5 50. Nb3 Re4 51. Rxc5 Ra4 52. Ra5 Rxa5 53. Nxa5 Ke4 54. Nc6 a6 55. a4 
Ne6 56. Nb4 a5 57. Nc6 Nc5 58. Nxa5 Kd5 59. Kf3 Kxe5 60. Nc4+ Kd4 61. Nb6 
Ke5 62. Kg4 Kf6 63. Kh5 Kg7 64. a5 Kh7 65. Nd5 1-0

[Event "N1 Reykjavik Open 2014"]
[Site "Reykjavik, Iceland"]
[Date "2014.03.08"]
[Round "6.42"]
[White "Ragnarsson, Dagur"]
[Black "Englert, Fabian"]
[Result "1-0"]
[WhiteElo "2105"]
[BlackElo "2317"]
[EventDate "2014.03.04"]
[PlyCount "77"]

1. g3 c5 2. c4 g6 3. Nc3 Bg7 4. Bg2 Nc6 5. Nf3 d6 6. O-O e6 7. Rb1 Nge7 8.
 d3 O-O 9. Bg5 h6 10. Bd2 b6 11. Qc1 Kh7 12. a3 Bb7 13. b4 Qd7 14. Na2 
Rac8 15. Bc3 e5 16. Qb2 Nd4 17. Ne1 f5 18. e3 Bxg2 19. Kxg2 Ne6 20. f4 
exf4 21. gxf4 Bxc3 22. Nxc3 d5 23. cxd5 Nxd5 24. Nxd5 Qxd5+ 25. Kg1 g5 26.
 fxg5 hxg5 27. bxc5 Qxc5 28. d4 Qc3 29. Qe2 Qxa3 30. d5 Ng7 31. Nf3 g4 32.
 Nd4 Qe7 33. Qd3 Qe4 34. Qxe4 fxe4 35. d6 Kg6 36. d7 Ra8 37. Rxf8 Rxf8 38.
 Rc1 Rd8 39. Nc6 1-0

[Event "N1 Reykjavik Open 2014"]
[Site "Reykjavik, Iceland"]
[Date "2014.03.08"]
[Round "6.43"]
[White "Johannesson, Oliver"]
[Black "Bisby, Daniel L"]
[Result "1-0"]
[WhiteElo "2115"]
[BlackElo "2314"]
[EventDate "2014.03.04"]
[PlyCount "89"]

1. d4 Nf6 2. c4 g6 3. Nc3 Bg7 4. Nf3 O-O 5. Bg5 c5 6. d5 d6 7. e3 Qb6 8. 
Qc2 h6 9. Bh4 Bf5 10. e4 Nxe4 11. Nxe4 Qxb2 12. Qxb2 Bxb2 13. Rb1 Bg7 14. 
Bd3 g5 15. Bg3 Bxe4 16. Bxe4 f5 17. Bxf5 Rxf5 18. Rxb7 Rf7 19. O-O Na6 20.
 a3 e5 21. Rb3 Nb8 22. Nd2 Nd7 23. Ne4 Bf8 24. Rfb1 Nb6 25. Rc1 Be7 26. a4
Raf8 27. a5 Nc8 28. Rb7 g4 29. Rcb1 h5 30. Rc7 h4 31. Rb8 hxg3 32. hxg3 
Nb6 33. Rxf8+ Bxf8 34. axb6 axb6 35. Rxf7 Kxf7 36. Kf1 Ke7 37. Ke2 Kd7 38.
 Nf6+ Kc7 39. Nxg4 b5 40. cxb5 Kb6 41. Kd3 Kxb5 42. Ne3 c4+ 43. Nxc4 e4+ 
44. Kxe4 Kxc4 45. g4 1-0

[Event "N1 Reykjavik Open 2014"]
[Site "Reykjavik, Iceland"]
[Date "2014.03.08"]
[Round "6.44"]
[White "Petursson, Gudni"]
[Black "Pajeken, Wolfgang"]
[Result "0-1"]
[WhiteElo "2104"]
[BlackElo "2308"]
[EventDate "2014.03.04"]
[PlyCount "160"]

1. g3 e5 2. Bg2 Nf6 3. d3 d5 4. Nf3 Nc6 5. O-O g6 6. Nbd2 Bg7 7. e4 O-O 8.
 Qe2 Re8 9. c3 a5 10. Rd1 Bg4 11. h3 Be6 12. Ng5 Bc8 13. Nf1 h6 14. Nf3 
Be6 15. Kh2 Qe7 16. Ne1 Rad8 17. Be3 d4 18. Bd2 dxc3 19. bxc3 Qc5 20. Rdc1
Rd7 21. Be3 Qa3 22. Qc2 Red8 23. Rcb1 b6 24. Qc1 Qf8 25. Nd2 Kh7 26. Qc2 
Nh5 27. Bf3 Nf6 28. Bg2 Ng8 29. Rb2 Nce7 30. Nf1 Nc6 31. Nd2 Nb8 32. Nf1 
Na6 33. Rd1 Qa3 34. Bc1 Qc5 35. Be3 Qc6 36. Nf3 Ne7 37. Ne1 Bc4 38. Rd2 
Be6 39. Kg1 Nc5 40. Bxc5 Qxc5 41. Ne3 Qa3 42. c4 Nc6 43. Qb3 Qc5 44. N1c2 
Ra8 45. Nd5 Kh8 46. Qa3 Bf8 47. Qxc5 Bxc5 48. a4 Kg7 49. Kh2 Rad8 50. Bf3 
Ne7 51. Rb3 Nc8 52. Kg2 c6 53. Nde3 Nd6 54. Re2 b5 55. axb5 cxb5 56. Bg4 
b4 57. Bxe6 fxe6 58. Re1 Nb7 59. Ng4 Bd6 60. d4 a4 61. Rb2 b3 62. c5 bxc2 
63. cxd6 Rc8 64. Rc1 Nxd6 65. dxe5 Nxe4 66. Rbxc2 Rxc2 67. Rxc2 a3 68. Nf6
Nxf6 69. exf6+ Kxf6 70. Kf3 Ra7 71. Ra2 Ke5 72. Ke3 Kd5 73. Kd3 h5 74. h4 
e5 75. f3 Ra4 76. Ra1 a2 77. f4 exf4 78. gxf4 Ke6 79. Ke3 Kf5 80. Kf3 Ra3+
0-1

[Event "N1 Reykjavik Open 2014"]
[Site "Reykjavik, Iceland"]
[Date "2014.03.08"]
[Round "6.45"]
[White "Schaefer, Reyk"]
[Black "Kristinsson, Jon"]
[Result "1-0"]
[WhiteElo "2102"]
[BlackElo "2290"]
[EventDate "2014.03.04"]
[PlyCount "89"]

1. d4 Nf6 2. c4 g6 3. Nc3 Bg7 4. Nf3 O-O 5. g3 d6 6. Bg2 Nc6 7. O-O Bg4 8.
 h3 Bxf3 9. Bxf3 Nd7 10. e3 e5 11. d5 Ne7 12. e4 f5 13. Rb1 a5 14. a3 Nc5 
15. b4 fxe4 16. Nxe4 Nxe4 17. Bxe4 axb4 18. axb4 Nf5 19. Bxf5 gxf5 20. Bb2
Qg5 21. Qb3 h5 22. Ra1 h4 23. Qc3 Rae8 24. Kh2 Rf7 25. Qe3 Qh5 26. Rg1 f4 
27. gxf4 Ref8 28. Rg5 Qh6 29. Rag1 Kh8 30. R1g2 Bf6 31. Rg6 Qh5 32. Rxf6 
Rxf6 33. fxe5 dxe5 34. Bxe5 Kh7 35. Bxf6 Rxf6 36. Qe7+ Rf7 37. Qe4+ Kh6 
38. Qe3+ Kh7 39. Rg4 b5 40. Qe4+ Qf5 41. Rxh4+ Kg7 42. Rg4+ Kf8 43. Qxf5 
Rxf5 44. Kg3 Ke7 45. h4 1-0

[Event "N1 Reykjavik Open 2014"]
[Site "Reykjavik, Iceland"]
[Date "2014.03.08"]
[Round "6.46"]
[White "Constantinou, Peter"]
[Black "Grove, Michael"]
[Result "1-0"]
[WhiteElo "2270"]
[BlackElo "2097"]
[EventDate "2014.03.04"]
[PlyCount "0"]

1. d4 Nf6 2. c4 c5 3. d5 d6 4. Nc3 e5 5. e4 Nbd7 6. Nf3 Be7 7. Be2 Nf8 8. 
a3 Ng6 9. b4 b6 10. O-O O-O 11. Ne1 Ne8 12. Bg4 f5 13. Bxf5 Rxf5 14. exf5 
Bxf5 15. Ne2 Qc8 16. Ng3 Bd7 17. Nd3 cxb4 18. Be3 e4 19. Nxb4 Nh4 20. Nc6 
Bxc6 21. dxc6 Nf6 22. Bg5 Ng6 23. Bxf6 Bxf6 24. Qd5+ Kh8 25. Rad1 Qg4 26. 
Qf5 Qxf5 27. Nxf5 Rc8 28. Rxd6 Ne5 29. Re6 Nxc4 30. Rc1 b5 31. h3 Kg8 32. 
Rxf6 1-0

[Event "N1 Reykjavik Open 2014"]
[Site "Reykjavik, Iceland"]
[Date "2014.03.08"]
[Round "6.47"]
[White "Prosviriakov, Vladimir"]
[Black "Zhang, Fan"]
[Result "1-0"]
[WhiteElo "2269"]
[BlackElo "2104"]
[EventDate "2014.03.04"]
[PlyCount "73"]

1. d4 d5 2. Bf4 Nf6 3. e3 c5 4. Nc3 Nc6 5. Nb5 e5 6. dxe5 a6 7. Nc3 d4 8. 
exf6 Qa5 9. exd4 cxd4 10. fxg7 Bxg7 11. Bd3 dxc3 12. b3 Qd5 13. Qf3 Qc5 
14. Ne2 Be6 15. Qg3 Bf6 16. Bd6 Qa5 17. Bc7 Qc5 18. Nf4 Be5 19. Nxe6 fxe6 
20. Qg5 Rf8 21. Bxe5 Nxe5 22. Qe3 Nxd3+ 23. cxd3 Qxe3+ 24. fxe3 b5 25. a3 
a5 26. Ke2 Kd7 27. b4 axb4 28. axb4 Ra4 29. Rxa4 bxa4 30. Rc1 Rb8 31. Rxc3
Rxb4 32. Kd2 Kd6 33. Kc2 Rg4 34. g3 Kd5 35. e4+ Kd6 36. Rc4 h5 37. Rxa4 
1-0

[Event "N1 Reykjavik Open 2014"]
[Site "Reykjavik, Iceland"]
[Date "2014.03.08"]
[Round "6.48"]
[White "Sverrisson, Nokkvi"]
[Black "Zeier, Klaus"]
[Result "1/2-1/2"]
[WhiteElo "2066"]
[BlackElo "2253"]
[EventDate "2014.03.04"]
[PlyCount "0"]

1. e4 e5 2. Nf3 Nc6 3. Bb5 a6 4. Ba4 Nf6 5. O-O Be7 6. Re1 b5 7. Bb3 O-O 
8. c3 d5 9. exd5 Nxd5 10. Nxe5 Nxe5 11. Rxe5 c6 12. d3 Bd6 13. Re1 Bf5 14.
 Bxd5 cxd5 15. Qf3 Re8 16. Rxe8+ Qxe8 17. Nd2 Qd7 18. h3 Re8 19. Nf1 Re1 
20. b4 Qe6 21. Bb2 Rxa1 22. Bxa1 h5 23. Bb2 Qg6 24. Ne3 Bxd3 25. Qxd5 Be4 
26. Qd2 f5 27. f3 Bxf3 28. Nxf5 Qxf5 29. gxf3 Bf4 30. Qe2 Qg5+ 31. Kf1 Be3
32. Ke1 Qg1+ 33. Qf1 Qg6 34. Ke2 Bf4 35. Kf2 Qg3+ 36. Ke2 Qg6 37. Kf2 Qe6 
38. Qd3 Qxa2 39. Qe2 Qf7 40. Qe4 h4 41. c4 Bg3+ 42. Kg2 bxc4 43. Bc3 Bd6 
44. Qg4 Be7 45. Kf2 Kh8 46. Qc8+ Kh7 47. Qxa6 Qf4 48. Qc6 Qg3+ 49. Ke2 
Qg2+ 50. Ke3 Bg5+ 51. Kd4 Bf6+ 52. Kxc4 Qf1+ 53. Kb3 Qb1+ 54. Kc4 Bxc3 55.
 Qe4+ Qxe4+ 56. fxe4 Bd2 57. e5 Kg8 58. b5 Kf7 59. b6 Ba5 60. b7 Bc7 61. 
Kd5 Ke7 62. Ke4 Ke6 63. Kf4 Bxe5+ 64. Kg5 Kf7 65. Kxh4 Kg6 66. Kg4 Kh6 67.
 Kf5 Bb8 68. Ke6 Kg6 69. h4 Bf4 70. Ke7 Kf5 71. Kf7 g6 72. Kg7 Bc7 73. Kh6
Kf6 74. Kh7 g5 75. hxg5+ 1/2-1/2

[Event "N1 Reykjavik Open 2014"]
[Site "Reykjavik, Iceland"]
[Date "2014.03.08"]
[Round "6.49"]
[White "Wunnink, Michael"]
[Black "Pupols, Viktors"]
[Result "1-0"]
[WhiteElo "2251"]
[BlackElo "2049"]
[EventDate "2014.03.04"]
[PlyCount "71"]

1. d4 d5 2. c4 e6 3. Nc3 Nf6 4. cxd5 exd5 5. Bg5 Be7 6. e3 O-O 7. Bd3 h6 
8. Bh4 c6 9. Qc2 Ne8 10. Bxe7 Qxe7 11. Nxd5 cxd5 12. Qxc8 Nc6 13. Qxa8 
Qb4+ 14. Kf1 Nf6 15. Qxf8+ Kxf8 16. Rb1 Qd2 17. Bf5 g6 18. Nf3 Qa5 19. Bd3
Nb4 20. Be2 Qxa2 21. Rc1 Qxb2 22. Rc8+ Kg7 23. g3 Ne4 24. Ne5 Na2 25. Rc7 
Nac3 26. Rxf7+ Kg8 27. Bg4 h5 28. Be6 Qe2+ 29. Kg2 Ng5 30. Rc1 h4 31. Rxc3
Nxf7 32. Bxf7+ Kg7 33. Bxd5 h3+ 34. Kxh3 Qf1+ 35. Kg4 Qxf2 36. Rc7+ 1-0

[Event "N1 Reykjavik Open 2014"]
[Site "Reykjavik, Iceland"]
[Date "2014.03.08"]
[Round "6.50"]
[White "Kernazhitsky, Leonid"]
[Black "Szalontay, Mihaly"]
[Result "1-0"]
[WhiteElo "2249"]
[BlackElo "2066"]
[EventDate "2014.03.04"]
[PlyCount "43"]

1. e4 d6 2. d4 Nf6 3. Nc3 g6 4. f4 Bg7 5. Nf3 c5 6. Bb5+ Bd7 7. e5 Ng4 8. 
Bxd7+ Qxd7 9. h3 cxd4 10. Qxd4 Nh6 11. Qf2 Nc6 12. O-O dxe5 13. fxe5 O-O 
14. Bf4 Rad8 15. Rad1 Qc8 16. Nd5 Kh8 17. Bxh6 Bxh6 18. Qh4 Rxd5 19. Rxd5 
Be3+ 20. Kh1 Qf5 21. Rd3 g5 22. Qh6 1-0

[Event "N1 Reykjavik Open 2014"]
[Site "Reykjavik, Iceland"]
[Date "2014.03.08"]
[Round "6.51"]
[White "Longo, Tyler"]
[Black "Liang, Awonder"]
[Result "0-1"]
[WhiteElo "1961"]
[BlackElo "2237"]
[EventDate "2014.03.04"]
[PlyCount "98"]

1. d4 Nf6 2. Nf3 g6 3. b3 c5 4. Bb2 Bg7 5. c4 cxd4 6. Nxd4 O-O 7. Nc3 d5 
8. e3 Nc6 9. cxd5 Nxd4 10. exd4 Nxd5 11. Ne4 Nb4 12. Qd2 Bf5 13. Qxb4 Bxe4
14. f3 Bc6 15. Be2 a5 16. Qd2 Qb6 17. Rd1 Rfd8 18. Bc4 Bd5 19. O-O e5 20. 
Rf2 Bxc4 21. bxc4 exd4 22. Qg5 Rac8 23. Qb5 Qxb5 24. cxb5 Rc4 25. Rfd2 Rb4
26. Kf1 f5 27. Bc3 Ra4 28. Ke2 Kf7 29. Ba1 Ke6 30. Rc1 d3+ 31. Kf2 Bh6 32.
 Re1+ Kf7 33. Rb2 d2 34. Rd1 Bg7 35. Rbb1 Rxa2 36. Bxg7 Kxg7 37. Ke2 b6 
38. Rb3 Rc2 39. Re3 Kf6 40. f4 Rd6 41. Re8 Re6+ 42. Rxe6+ Kxe6 43. Kd3 Rc8
44. h3 Rd8+ 45. Kc4 h6 46. g4 fxg4 47. hxg4 h5 48. f5+ Kf6 49. fxg6 hxg4 
0-1

[Event "N1 Reykjavik Open 2014"]
[Site "Reykjavik, Iceland"]
[Date "2014.03.08"]
[Round "6.52"]
[White "Andersen, Niels Erik"]
[Black "Barthel, Ansgar"]
[Result "0-1"]
[WhiteElo "1940"]
[BlackElo "2229"]
[EventDate "2014.03.04"]
[PlyCount "96"]

1. Nf3 d5 2. g3 c5 3. Bg2 Nc6 4. d4 e6 5. O-O Nf6 6. c3 Be7 7. Nbd2 O-O 8.
 Nb3 b6 9. Bf4 Bb7 10. Rc1 Rc8 11. Re1 Ne4 12. Be3 Bd6 13. Nfd2 Nxd2 14. 
Nxd2 cxd4 15. cxd4 Qf6 16. Nf3 Na5 17. Qd3 Nc4 18. Bg5 Qg6 19. Qxg6 hxg6 
20. b3 Na3 21. Rxc8 Rxc8 22. Rc1 Rxc1+ 23. Bxc1 Ba6 24. Bf1 Nc2 25. Bb2 f6
26. Bc3 Bb4 27. Bb2 Bf8 28. Nd2 Nb4 29. a4 Nc6 30. e3 Bxf1 31. Kxf1 Bb4 
32. Ke2 Na5 33. Kd3 Bxd2 34. Kxd2 Nxb3+ 35. Kc3 Na5 36. Kb4 a6 37. f3 Nc6+
38. Kc3 Kf7 39. Kd3 Na5 40. Bc3 Nc4 41. h3 Ke7 42. g4 f5 43. h4 fxg4 44. 
fxg4 a5 45. e4 Kd7 46. exd5 exd5 47. Be1 Kc6 48. Bg3 b5 0-1

[Event "N1 Reykjavik Open 2014"]
[Site "Reykjavik, Iceland"]
[Date "2014.03.08"]
[Round "6.53"]
[White "Karlsson, Mikael Johann"]
[Black "Bjornsson, Sigurbjorn"]
[Result "0-1"]
[WhiteElo "2051"]
[BlackElo "2360"]
[EventDate "2014.03.04"]
[PlyCount "0"]

1. c4 e5 2. g3 Nf6 3. Bg2 d5 4. cxd5 Nxd5 5. Nc3 Nb6 6. e3 Nc6 7. Nge2 Be7
8. O-O O-O 9. f4 Rb8 10. fxe5 Nxe5 11. d4 Ng6 12. b3 c5 13. d5 Bf6 14. e4 
Bg4 15. Bb2 Re8 16. h3 Bxe2 17. Qxe2 Bxc3 18. Bxc3 Nxd5 19. Bb2 Nb4 20. 
Qc4 Qe7 21. Rf5 b6 22. Raf1 Rf8 23. a3 Nc6 24. h4 Rbd8 25. h5 Nge5 26. Qc3
Nd4 27. R5f2 Ng4 28. Rd2 Qg5 29. Rf4 Qxh5 30. Kf1 Ne5 31. b4 f6 32. bxc5 
bxc5 33. Qxc5 Ne6 34. Qe7 Rxd2 35. Qxe6+ Kh8 36. Qb3 Qe2+ 0-1

[Event "N1 Reykjavik Open 2014"]
[Site "Reykjavik, Iceland"]
[Date "2014.03.08"]
[Round "6.54"]
[White "Vaarala, Eric"]
[Black "Restuccia, Francisco"]
[Result "1-0"]
[WhiteElo "2285"]
[BlackElo "2093"]
[EventDate "2014.03.04"]
[PlyCount "95"]

1. c4 Nf6 2. Nc3 g6 3. g3 Bg7 4. Bg2 O-O 5. d4 d6 6. Nf3 c6 7. O-O Qb6 8. 
Qd3 Bf5 9. e4 Nxe4 10. Nxe4 d5 11. Nfd2 dxe4 12. Bxe4 Bh3 13. Re1 Bxd4 14.
 Qe2 Nd7 15. Nb3 Bg4 16. Qd2 Bg7 17. Qg5 Nf6 18. Be3 Qc7 19. Bg2 Be6 20. 
Bf4 Qc8 21. Rac1 Nh5 22. Qxe7 Nxf4 23. gxf4 Bxb2 24. Rc2 Re8 25. Qb4 Bg7 
26. Rce2 Rd8 27. Na5 Rd7 28. Rxe6 fxe6 29. Bh3 c5 30. Bxe6+ Kh8 31. Qa4 
Re7 32. Bxc8 Rxe1+ 33. Kg2 Rxc8 34. Nxb7 Bd4 35. Nd6 Rf8 36. Qxa7 Re2 37. 
Nf7+ Kg8 38. Ng5 Rxf4 39. Qxh7+ Kf8 40. Ne6+ Rxe6 41. Qh6+ Kg8 42. Qxf4 
Kg7 43. a4 Rf6 44. Qg3 Kh6 45. a5 g5 46. h4 gxh4 47. Qxh4+ Kg7 48. Qxf6+ 
1-0

[Event "N1 Reykjavik Open 2014"]
[Site "Reykjavik, Iceland"]
[Date "2014.03.08"]
[Round "6.55"]
[White "Olafsson, Thorvardur"]
[Black "Abrahams, Daniel"]
[Result "1/2-1/2"]
[WhiteElo "2254"]
[BlackElo "2055"]
[EventDate "2014.03.04"]
[PlyCount "0"]

1. e4 d6 2. d4 Nf6 3. Nc3 e5 4. Nge2 Nbd7 5. g3 b5 6. a3 c6 7. Bg2 Bb7 8. 
O-O Be7 9. h3 a5 10. b3 O-O 11. Re1 Re8 12. g4 b4 13. axb4 axb4 14. Rxa8 
Bxa8 15. Na4 d5 16. Ng3 Bf8 17. dxe5 Nxe5 18. exd5 Nxd5 19. Nf5 Bb7 20. 
Bb2 Ng6 21. Rxe8 Qxe8 22. Bxd5 cxd5 23. Qd4 Qe1+ 24. Kh2 Ne5 25. Qe3 Qxe3 
26. fxe3 f6 27. Kg3 g6 28. Nd4 Bd6 29. Kf2 Kf7 30. Bc1 Nd7 31. Bd2 Nc5 32.
 Nxc5 Bxc5 33. Ne2 f5 34. gxf5 gxf5 35. Nf4 d4 36. Nd3 dxe3+ 37. Bxe3 Be7 
38. Bc5 Be4 39. Bxb4 Bxd3 40. Bxe7 Bxc2 41. Bd6 Bxb3 1/2-1/2

[Event "N1 Reykjavik Open 2014"]
[Site "Reykjavik, Iceland"]
[Date "2014.03.08"]
[Round "6.56"]
[White "Langer, Michael"]
[Black "Knutsson, Larus"]
[Result "1-0"]
[WhiteElo "2248"]
[BlackElo "2044"]
[EventDate "2014.03.04"]
[PlyCount "0"]

1. e4 e5 2. Nf3 Nc6 3. Bc4 Nf6 4. Ng5 d5 5. exd5 Na5 6. Bb5+ c6 7. dxc6 
bxc6 8. Qf3 Qb6 9. Bd3 Bd6 10. h3 O-O 11. Nc3 h6 12. Nge4 Nxe4 13. Nxe4 
Be7 14. Ng3 g6 15. Qe3 Bc5 16. Qe2 f5 17. c3 e4 18. Bc4+ Nxc4 19. Qxc4+ 
Kg7 20. d4 exd3 21. O-O Ba6 22. Qf4 d2 23. Bxd2 Bxf1 24. Qxh6+ Kf7 25. 
Qh7+ Kf6 26. Qh4+ Kf7 27. Rxf1 Rh8 28. Qc4+ Kg7 29. b4 Bd6 30. Be3 Qc7 31.
 Ne2 Rhe8 32. Nd4 Qd7 33. Nxc6 Re4 34. Qa6 Rc8 35. b5 f4 36. Bd4+ Kf7 37. 
Qxa7 Rc7 38. Qa4 f3 39. Qb3+ Kf8 40. Qc2 Rg4 41. g3 Qh7 42. Qd3 Qxh3 43. 
Qxf3+ Rf7 44. Qg2 Qh5 45. Re1 Rf5 46. Nd8 Be5 47. Ne6+ Ke7 48. Ng7 1-0

[Event "N1 Reykjavik Open 2014"]
[Site "Reykjavik, Iceland"]
[Date "2014.03.08"]
[Round "6.57"]
[White "Frick, Renato"]
[Black "Hoffmann, Hendrik"]
[Result "1-0"]
[WhiteElo "2038"]
[BlackElo "2244"]
[EventDate "2014.03.04"]
[PlyCount "0"]

1. e4 d6 2. d4 Nf6 3. Nc3 g6 4. f4 Bg7 5. Nf3 O-O 6. e5 Nfd7 7. Bc4 Nb6 8.
 Bb3 Nc6 9. Be3 Na5 10. Qe2 Nxb3 11. axb3 dxe5 12. dxe5 Nd5 13. Rd1 Nxc3 
14. bxc3 Qe8 15. O-O Qc6 16. Qd2 Bg4 17. Nd4 Qe4 18. Rde1 c5 19. Nb5 a6 
20. Na3 Qc6 21. Qf2 f6 22. h3 Bf5 23. exf6 Bxf6 24. Bxc5 Bxc3 25. Rxe7 Bf6
26. Re2 Rfd8 27. Nc4 Rac8 28. Be3 Re8 29. Rd1 Re6 30. Red2 Bc3 31. Rd6 
Rxd6 32. Rxd6 Qe8 33. Rb6 Rc7 34. Nd6 Qd7 35. Qf3 Be6 36. Ne4 Bg7 37. Rd6 
Qe7 38. Qd1 Bf7 39. Qd3 h6 40. Bd4 Rc6 41. Bxg7 Kxg7 42. Qd4+ Kg8 43. Nf6+
Kf8 44. Rd8+ 1-0

[Event "N1 Reykjavik Open 2014"]
[Site "Reykjavik, Iceland"]
[Date "2014.03.08"]
[Round "6.58"]
[White "Stigar, Petter"]
[Black "Hansen, Lars-Henrik Bech"]
[Result "1-0"]
[WhiteElo "2237"]
[BlackElo "2022"]
[EventDate "2014.03.04"]
[PlyCount "121"]

1. d4 g6 2. e4 d6 3. Nc3 Nf6 4. Be3 c6 5. h3 b5 6. e5 Ng8 7. a4 b4 8. Ne4 
d5 9. Nc5 e6 10. Nd3 a5 11. Ne2 Nd7 12. Nec1 Nb6 13. Nb3 Ne7 14. Bg5 Bg7 
15. Qf3 h6 16. Bf6 Bxf6 17. Qxf6 O-O 18. g4 Kh7 19. Ndc5 Ng8 20. Qxd8 Rxd8
21. Bd3 f6 22. f4 Nc4 23. O-O-O f5 24. Rhg1 Ne7 25. Rg3 Rf8 26. Rdg1 Rg8 
27. Nd2 Nxd2 28. Kxd2 h5 29. c3 bxc3+ 30. bxc3 hxg4 31. hxg4 Rb8 32. Kc2 
Kg7 33. gxf5 exf5 34. Rh3 Rh8 35. Rxh8 Kxh8 36. Rb1 Ra8 37. Kd2 Kg7 38. 
Ke3 Kf7 39. Rh1 Kg7 40. Kf3 Rb8 41. Rb1 Ra8 42. Rb6 Kf7 43. Kg3 Kg7 44. 
Kh4 Kh6 45. Kg3 Kg7 46. Kh4 Kh6 47. Bc2 Ra7 48. Rb8 Ba6 49. Rb6 Bc8 50. 
Bd3 Ra8 51. Be2 Kg7 52. Kg5 Kf7 53. Rb1 Kg7 54. Bd3 Ng8 55. Rb6 Ne7 56. e6
Ra7 57. Rb8 Kh7 58. Kf6 Kh6 59. Ba6 Ng8+ 60. Ke5 Bxa6 61. Rxg8 1-0

[Event "N1 Reykjavik Open 2014"]
[Site "Reykjavik, Iceland"]
[Date "2014.03.08"]
[Round "6.59"]
[White "Edvardsson, Kristjan"]
[Black "Klyszcz, Michael"]
[Result "1-0"]
[WhiteElo "2233"]
[BlackElo "2011"]
[EventDate "2014.03.04"]
[PlyCount "55"]

1. c4 Nf6 2. d4 e6 3. g3 Bb4+ 4. Bd2 Be7 5. Bg2 d5 6. Qc2 c6 7. Nf3 O-O 8.
 O-O Nbd7 9. Bf4 b6 10. Nc3 Bb7 11. Rad1 Rc8 12. e4 Ba6 13. Nd2 c5 14. 
dxc5 d4 15. c6 e5 16. cxd7 Nxd7 17. Nd5 Bd6 18. Qa4 Nc5 19. Qa3 exf4 20. 
b4 Bxc4 21. Nxc4 Nxe4 22. Bxe4 Rxc4 23. Bxh7+ Kh8 24. Qd3 fxg3 25. hxg3 
Qg5 26. Kg2 Rfc8 27. Rh1 R8c6 28. Bg8+ 1-0

[Event "N1 Reykjavik Open 2014"]
[Site "Reykjavik, Iceland"]
[Date "2014.03.08"]
[Round "6.60"]
[White "Zoldan, Matteo"]
[Black "Johannsson, Orn Leo"]
[Result "1/2-1/2"]
[WhiteElo "2209"]
[BlackElo "1999"]
[EventDate "2014.03.04"]
[PlyCount "49"]

1. e4 e6 2. d4 d5 3. Nd2 dxe4 4. Nxe4 Nd7 5. Nf3 Ngf6 6. Nxf6+ Nxf6 7. Bg5
Be7 8. Bd3 O-O 9. Qe2 c5 10. dxc5 Qa5+ 11. Bd2 Qxc5 12. a3 Qc7 13. O-O b6 
14. Ne5 Bb7 15. Rfe1 Rad8 16. Rad1 Bd6 17. Bg5 Bxe5 18. Qxe5 Qxe5 19. Rxe5
Ba6 20. Re3 Rd5 21. Bxf6 gxf6 22. Rg3+ Kh8 23. Kf1 Rc8 24. Ke1 Bxd3 25. 
cxd3 1/2-1/2

[Event "N1 Reykjavik Open 2014"]
[Site "Reykjavik, Iceland"]
[Date "2014.03.08"]
[Round "6.61"]
[White "Teitsson, Magnus"]
[Black "Baldvinsson, Loftur"]
[Result "1/2-1/2"]
[WhiteElo "2207"]
[BlackElo "2007"]
[EventDate "2014.03.04"]
[PlyCount "118"]

1. e4 e6 2. d4 d5 3. Nd2 c5 4. exd5 exd5 5. Bb5+ Nc6 6. Qe2+ Qe7 7. dxc5 
Qxe2+ 8. Nxe2 Bxc5 9. Nb3 Bd6 10. Bf4 Bxf4 11. Nxf4 Nf6 12. O-O-O a6 13. 
Rhe1+ Kf8 14. Be2 Bf5 15. Bf3 Nb4 16. Nd4 Be4 17. a3 g5 18. Nfe6+ fxe6 19.
 axb4 Kf7 20. Bxe4 dxe4 21. Nb3 Rhf8 22. Nc5 b6 23. Nxe4 Nxe4 24. Rxe4 Ke7
25. f3 Rac8 26. c3 h6 27. Rd2 Rc6 28. Kc2 Rf4 29. Rde2 Kf6 30. b3 Rf5 31. 
c4 a5 32. Kc3 axb4+ 33. Kxb4 Ra5 34. Rd4 Rac5 35. Rd7 h5 36. Red2 Ke5 37. 
g3 Kf5 38. R2d6 Rxd6 39. Rxd6 Re5 40. Rxb6 Re2 41. c5 Rxh2 42. c6 Ke5 43. 
Kb5 Rc2 44. Rb7 h4 45. gxh4 gxh4 46. Rh7 Kd6 47. Rd7+ Ke5 48. Rd1 h3 49. 
Re1+ Kd6 50. Rd1+ Ke5 51. b4 h2 52. Kb6 Kf4 53. c7 Kxf3 54. Kb7 e5 55. 
c8=Q Rxc8 56. Kxc8 e4 57. b5 e3 58. b6 e2 59. Ra1 Kg2 1/2-1/2